000 00546 a2200193 4500
001 63526
005 20260407155933.0
008 260407a1974 arg spa d
003 AR-UNSa-BCEJYS
040 _aAR-UNSa-BCEJYS
_bspa
_cAR-UNSa-BCEJYS
080 _a004.04
_xOrientación del proceso (diagramas de flujo)
245 1 0 _aFundamentos de diagramas de flujo
264 1 _aMéxico :
_bLimusa
_c1974
300 _a143 p.
_c27 cm.
041 _aspa
942 _cBK
590 _aniveau_biblio:m niveau_hierar:0
100 1 _aSchriber, Thomas J.
999 _c8211
_d8211